| 000 | 00518nam a2200169Ia 4500 | ||
|---|---|---|---|
| 008 | 090201s9999 xx 000 0 und d | ||
| 010 | _aKPL-33707 | ||
| 040 | _bमराठी | ||
| 041 | _aमराठी | ||
| 082 |
_a44080 _b33707 |
||
| 100 | _aसंजीव खांडेकर | ||
| 245 |
_aसंकल्प _cसंजीव खांडेकर |
||
| 260 |
_c2005 _bग्रंथाली प्रकाशन |
||
| 300 |
_a304 _bमोठा |
||
| 600 | _aसंकल्प | ||
| 942 | _cBOOK | ||
| 999 |
_c241112 _d241112 |
||